[Event "European Blitz 2016"]
[Site "Tallinn EST"]
[Date "2016.12.17"]
[Round "5.7"]
[White "Kazakovskiy, Valeriy"]
[Black "Vitiugov, Nikita"]
[Result "1/2-1/2"]
[WhiteTitle "IM"]
[BlackTitle "GM"]
[WhiteElo "2430"]
[BlackElo "2726"]
[WhiteFideId "13507443"]
[BlackFideId "4152956"]
[EventDate "2016.12.17"]

1. d4 Nf6 2. Nf3 e6 3. c4 d5 4. g3 Bb4+ 5. Bd2 Be7 6. Bg2 c6 7. Qc2 O-O 8. O-O
b6 9. Rd1 Nbd7 10. b3 Ba6 11. a4 Qc8 12. a5 h6 13. Be1 Rd8 14. Nbd2 Bb4 15. axb6
axb6 16. e4 dxe4 17. Nxe4 Be7 18. Bc3 Bb7 19. Nxf6+ Nxf6 20. Ne5 c5 21. Qe2 Rxa1
22. Bxa1 cxd4 23. Bxd4 Bxg2 24. Kxg2 Qb7+ 25. Kg1 Ra8 26. Qf3 Qxf3 27. Nxf3 Ra3
28. Rb1 Nd7 29. Ne1 Bc5 30. Bc3 Ra2 31. Nd3 Rc2 32. Be1 Bd4 33. Rc1 Ra2 34. b4
Nb8 35. Bc3 Bxc3 36. Rxc3 Nc6 37. b5 Nd4 38. Kg2 Kf8 39. c5 bxc5 40. b6 Ra1 41.
Nxc5 Rb1 42. b7 Ke7 43. Rd3 e5 44. f4 Kd6 45. Ne4+ Kc7 46. fxe5 Nc6 47. Rc3 1/2-1/2

[Event "European Blitz 2016"]
[Site "Tallinn EST"]
[Date "2016.12.17"]
[Round "5.8"]
[White "Margolin, Boris"]
[Black "Matlakov, Maxim"]
[Result "1/2-1/2"]
[WhiteTitle "IM"]
[BlackTitle "GM"]
[WhiteElo "2387"]
[BlackElo "2694"]
[WhiteFideId "4646193"]
[BlackFideId "4168003"]
[EventDate "2016.12.17"]

1. e4 c5 2. Nf3 e6 3. c4 Nc6 4. Nc3 Nd4 5. d3 Ne7 6. Nxd4 cxd4 7. Ne2 Nc6 8. Ng3
e5 9. a3 a5 10. Be2 a4 11. O-O d6 12. Bg4 g6 13. f4 Bg7 14. Bxc8 Qxc8 15. f5 f6
16. Bd2 Qd7 17. b4 axb3 18. Qxb3 O-O 19. Rfb1 Rf7 20. a4 Ra7 21. a5 Qc8 22. Qb5
Ra6 23. Ra4 Bf8 24. Qb3 Ra7 25. Qa2 Ne7 26. Rf1 Nc6 27. Rb1 Ne7 28. Rf1 Nc6 29.
Rb1 Ne7 1/2-1/2

[Event "European Blitz 2016"]
[Site "Tallinn EST"]
[Date "2016.12.17"]
[Round "5.9"]
[White "Kovalenko, Igor"]
[Black "Lobanov, Sergei"]
[Result "1-0"]
[WhiteTitle "GM"]
[WhiteElo "2684"]
[BlackElo "2429"]
[WhiteFideId "14117908"]
[BlackFideId "24183750"]
[EventDate "2016.12.17"]

1. c4 c5 2. Nc3 Nc6 3. Nf3 Nf6 4. g3 e5 5. Bg2 g6 6. O-O Bg7 7. d3 O-O 8. Bg5 d6
9. a3 a5 10. Nd5 Be6 11. Nd2 Bxd5 12. cxd5 Ne7 13. e4 a4 14. b3 b5 15. Nb1 h6
16. Bd2 Qb6 17. Nc3 axb3 18. Qxb3 Rfb8 19. Rfb1 Ra5 20. Nd1 Ra4 21. Qxa4 bxa4
22. Rxb6 Rxb6 23. Nc3 Rb2 24. Ra2 Rxa2 25. Nxa2 Nd7 26. Ba5 Nc8 27. Nc3 Ndb6 28.
Bh3 Bf8 29. Bxc8 Nxc8 30. Nxa4 Na7 31. Nc3 f5 32. a4 Kf7 33. Nb5 Nc8 34. Bc7 Ke8
35. a5 Kd7 36. Bb8 Ne7 37. Bxd6 1-0

[Event "European Blitz 2016"]
[Site "Tallinn EST"]
[Date "2016.12.17"]
[Round "5.10"]
[White "Gorodetzky, David"]
[Black "Wojtaszek, Radoslaw"]
[Result "1/2-1/2"]
[WhiteTitle "FM"]
[BlackTitle "GM"]
[WhiteElo "2350"]
[BlackElo "2749"]
[WhiteFideId "2813416"]
[BlackFideId "1118358"]
[EventDate "2016.12.17"]

1. e4 c5 2. c3 d5 3. exd5 Qxd5 4. d4 Nf6 5. Nf3 e6 6. Bd3 Be7 7. Be3 cxd4 8.
cxd4 b6 9. Nc3 Qh5 10. Be2 Qa5 11. O-O O-O 12. Ne5 Bb7 13. Bf3 Qa6 14. Be2 Qa5
15. Bf3 Qa6 16. Be2 1/2-1/2

[Event "European Blitz 2016"]
[Site "Tallinn EST"]
[Date "2016.12.17"]
[Round "5.11"]
[White "Saric, Ivan"]
[Black "D'Costa, Lorin A R"]
[Result "1-0"]
[WhiteTitle "GM"]
[BlackTitle "IM"]
[WhiteElo "2652"]
[BlackElo "2391"]
[WhiteFideId "14508150"]
[BlackFideId "409219"]
[EventDate "2016.12.17"]

1. e4 c5 2. Nf3 e6 3. g3 Nc6 4. Bg2 Nf6 5. d3 d6 6. O-O Be7 7. c3 O-O 8. Re1 b6
9. d4 cxd4 10. cxd4 Bb7 11. Nc3 Rc8 12. a3 Na5 13. d5 e5 14. Qd3 Nb3 15. Rb1
Nxc1 16. Rbxc1 a6 17. Bh3 Rc5 18. b4 Rc7 19. b5 Qa8 20. Qe3 Rc5 21. Na4 Rxc1 22.
Rxc1 axb5 23. Nxb6 Qa7 24. Nc8 Qxe3 25. Nxe7+ Kh8 26. fxe3 Nxe4 27. Rc7 Nc5 28.
Nxe5 dxe5 29. Rxc5 g6 30. Rc7 1-0

[Event "European Blitz 2016"]
[Site "Tallinn EST"]
[Date "2016.12.17"]
[Round "5.12"]
[White "Brodowski, Piotr"]
[Black "Alekseev, Evgeny"]
[Result "0-1"]
[WhiteTitle "IM"]
[BlackTitle "GM"]
[WhiteElo "2444"]
[BlackElo "2632"]
[WhiteFideId "1124480"]
[BlackFideId "4138147"]
[EventDate "2016.12.17"]

1. g3 c5 2. Bg2 g6 3. c4 Bg7 4. Nc3 Nc6 5. a3 e6 6. Rb1 Nge7 7. h4 h6 8. d3 d6
9. Bd2 b6 10. b4 Bb7 11. Qc1 Qd7 12. Kf1 Ne5 13. bxc5 Bxg2+ 14. Kxg2 dxc5 15.
Nh3 Rd8 16. f3 Nxc4 17. Bf4 Nd6 18. Nf2 Nd5 19. Bd2 Qe7 20. h5 g5 21. Nce4 Nf5
22. g4 Nd4 23. Ng3 O-O 24. e3 Nc6 25. Qc4 Kh8 26. Nfe4 Ne5 27. Qc2 Nxd3 28. Rhd1
Ne5 29. Bc1 Rd7 30. Rb3 Rfd8 31. Re1 c4 32. Rb5 a6 33. Rb1 b5 34. Nf2 Nb6 35. f4
Nd3 36. Re2 Na4 37. Nge4 gxf4 38. exf4 Rd5 39. Be3 Qb7 40. Kh2 Qc7 41. Ng3 Nxf4
42. Ree1 Nd3 43. Nxd3 Rxd3 44. Bf2 Nc3 45. Rbc1 Qf4 46. Rf1 Rd2 0-1

[Event "European Blitz 2016"]
[Site "Tallinn EST"]
[Date "2016.12.17"]
[Round "5.13"]
[White "Popov, Mikhail"]
[Black "Ponkratov, Pavel"]
[Result "0-1"]
[WhiteTitle "FM"]
[BlackTitle "GM"]
[WhiteElo "2369"]
[BlackElo "2607"]
[WhiteFideId "4146182"]
[BlackFideId "4157800"]
[EventDate "2016.12.17"]

1. c4 Nf6 2. g3 c6 3. Bg2 d5 4. Nf3 dxc4 5. O-O Nbd7 6. Qc2 Nb6 7. Na3 Be6 8.
Ng5 Qd7 9. Nxe6 Qxe6 10. b3 cxb3 11. axb3 g6 12. Nc4 Nbd5 13. e4 Nc7 14. d4 Bg7
15. Bf4 Qc8 16. d5 cxd5 17. exd5 Ncxd5 18. Be5 O-O 19. Qb2 Nb4 20. Rfd1 Nc6 21.
Bc3 Qf5 22. Ne3 Qh5 23. Nd5 Rad8 24. Nxe7+ Nxe7 25. Rxd8 Rxd8 26. Bxf6 Rd1+ 27.
Rxd1 Qxd1+ 28. Bf1 Bxf6 29. Qxf6 Nc6 30. Qc3 h5 31. Kg2 Qd5+ 32. Kg1 Ne5 33. Be2
Qe4 34. Qd2 a5 35. f4 Nc6 36. Bc4 Qd4+ 37. Qxd4 Nxd4 38. Kf2 b5 39. Bd5 Nc2 40.
Bc6 Nd4 41. Bd5 a4 42. bxa4 bxa4 43. Ke3 Nf5+ 44. Kd3 h4 45. g4 Ne7 46. Ba2 Kg7
47. Kc4 Nc6 48. Kb5 Nd4+ 49. Kxa4 Nf3 50. h3 Ng1 51. Kb4 Nxh3 52. Kc3 Nxf4 53.
Kd4 Kf6 54. Ke4 Ne6 55. Kf3 Ke5 56. Kg2 Ng5 57. Bc4 Kf4 58. Be2 Ne4 59. Kh3 g5
60. Kg2 f6 61. Bd1 Ke3 62. Bf3 Nf2 0-1

[Event "European Blitz 2016"]
[Site "Tallinn EST"]
[Date "2016.12.17"]
[Round "5.14"]
[White "Munoz, Miguel"]
[Black "Malakhov, Igor"]
[Result "1-0"]
[WhiteTitle "GM"]
[BlackTitle "IM"]
[WhiteElo "2473"]
[BlackElo "2454"]
[WhiteFideId "3800229"]
[BlackFideId "4183088"]
[EventDate "2016.12.17"]

1. e4 c5 2. g3 e6 3. Bg2 d5 4. exd5 exd5 5. d4 Nf6 6. Ne2 Nc6 7. O-O Be7 8. Nbc3
O-O 9. Bg5 Be6 10. dxc5 d4 11. Bxf6 Bxf6 12. Ne4 Be7 13. Nf4 Bc4 14. Re1 f5 15.
Nd2 Bf7 16. Nb3 Qd7 17. c3 Bf6 18. Bxc6 Qxc6 19. Nxd4 Qc8 20. Qf3 Rd8 21. Nfe6
Bxd4 22. Nxd8 Qxd8 23. Rad1 Bxf2+ 24. Kxf2 Qa5 25. b4 Qxa2+ 26. Re2 Qc4 27. Rd4
Qb3 28. Qxb7 Rf8 29. Qf3 g5 30. c6 g4 31. Qe3 Bc4 32. Rxc4 Qxc4 33. Qe6+ Qxe6
34. Rxe6 Kf7 35. Rd6 Rc8 36. b5 Ke7 37. Rd7+ Ke6 38. Ke3 a6 39. c4 Ke5 40. Rd5+
Ke6 41. Kd4 f4 42. gxf4 axb5 43. cxb5 Ra8 44. c7 Ra4+ 45. Kc5 1-0

[Event "European Blitz 2016"]
[Site "Tallinn EST"]
[Date "2016.12.17"]
[Round "5.15"]
[White "Pohjala, Henri"]
[Black "Kozul, Zdenko"]
[Result "0-1"]
[WhiteTitle "FM"]
[BlackTitle "GM"]
[WhiteElo "2382"]
[BlackElo "2613"]
[WhiteFideId "506478"]
[BlackFideId "14502879"]
[EventDate "2016.12.17"]

1. d4 Nf6 2. Nf3 g6 3. g3 d5 4. Bg2 c6 5. O-O Bg7 6. b3 O-O 7. Bb2 Qb6 8. Qc1
Bg4 9. c4 Bxf3 10. Bxf3 Rd8 11. e3 e6 12. Nc3 Nbd7 13. Rd1 h5 14. Qc2 a6 15.
Rac1 Re8 16. Qd3 h4 17. Kg2 Qd8 18. Rc2 Nh7 19. e4 dxc4 20. Qxc4 Ng5 21. Qe2 h3+
22. Kg1 Nxf3+ 23. Qxf3 Qa5 24. Qg4 c5 25. dxc5 Ne5 26. Qe2 Rad8 27. Rcd2 Rxd2
28. Rxd2 Rc8 29. Rd1 Qxc5 30. Kf1 Qa5 31. f4 Nc6 32. Na4 e5 33. Rd5 Qc7 34. Qd2
Nd4 35. fxe5 Nf3 36. Qd1 Nxe5 37. Bxe5 Bxe5 38. Nc5 Qe7 39. Nd3 Bg7 40. Qg4 Rc2
41. Nf2 Qf6 42. Qf4 Qxf4 0-1

[Event "European Blitz 2016"]
[Site "Tallinn EST"]
[Date "2016.12.17"]
[Round "5.16"]
[White "Vallejo Pons, Francisco"]
[Black "Lovkov, Roman"]
[Result "1-0"]
[WhiteTitle "GM"]
[BlackTitle "IM"]
[WhiteElo "2711"]
[BlackElo "2433"]
[WhiteFideId "2205530"]
[BlackFideId "4157389"]
[EventDate "2016.12.17"]

1. d4 Nf6 2. c4 e6 3. g3 Bb4+ 4. Bd2 a5 5. Bg2 O-O 6. e3 d6 7. Ne2 Qe7 8. O-O
Bxd2 9. Qxd2 Nbd7 10. Nbc3 c6 11. h3 h6 12. b3 Re8 13. Rad1 Nf8 14. Na4 N6d7 15.
Qc2 d5 16. Nac3 Rb8 17. e4 dxc4 18. bxc4 e5 19. d5 Nc5 20. Rb1 Qc7 21. Rfd1 Bd7
22. Qd2 Rec8 23. Qe3 Na6 24. a3 Be8 25. h4 Nd7 26. Bh3 Rd8 27. d6 Qc8 28. Na4 b5
29. cxb5 cxb5 30. Nac3 Qc5 31. Qd2 b4 32. axb4 axb4 33. Na4 Qc6 34. Nb2 Nf6 35.
f3 Rb6 36. Qe3 Rxd6 37. Rxd6 Qxd6 38. Nc4 1-0

[Event "European Blitz 2016"]
[Site "Tallinn EST"]
[Date "2016.12.17"]
[Round "5.17"]
[White "Krutti, Valer"]
[Black "Cvitan, Ognjen"]
[Result "1/2-1/2"]
[WhiteTitle "IM"]
[BlackTitle "GM"]
[WhiteElo "2361"]
[BlackElo "2491"]
[WhiteFideId "706248"]
[BlackFideId "14500086"]
[EventDate "2016.12.17"]

1. d4 Nf6 2. c4 e6 3. Nf3 c5 4. Nc3 cxd4 5. Nxd4 Bb4 6. g3 O-O 7. Bg2 d5 8. cxd5
Nxd5 9. Bd2 Bxc3 10. bxc3 e5 11. Nc2 Nc6 12. O-O Be6 13. Ne3 Nxe3 14. Bxe3 Qc7
15. Qa4 Rac8 16. c4 b6 17. c5 bxc5 18. Bxc5 Rfd8 19. Rfd1 h6 20. h4 Na5 21.
Rxd8+ Rxd8 22. Rc1 Nc4 23. Qxa7 Qxa7 24. Bxa7 Rd2 25. a4 Ra2 26. Bc6 Nb2 27. Rc2
Ra1+ 28. Kh2 Nxa4 29. Be3 Ra3 30. h5 Nc3 31. Bc5 Rb3 32. Bd6 f6 33. e3 Kf7 34.
Bf3 Bf5 35. Rd2 Be6 36. Rc2 Bf5 37. Rd2 Be6 38. Rc2 1/2-1/2

[Event "European Blitz 2016"]
[Site "Tallinn EST"]
[Date "2016.12.17"]
[Round "5.18"]
[White "Naiditsch, Arkadij"]
[Black "Skytte, Rasmus"]
[Result "1-0"]
[WhiteTitle "GM"]
[BlackTitle "IM"]
[WhiteElo "2687"]
[BlackElo "2390"]
[WhiteFideId "4650891"]
[BlackFideId "1404210"]
[EventDate "2016.12.17"]

1. e4 g6 2. d4 Bg7 3. Nc3 a6 4. h4 h5 5. Nf3 d6 6. Ng5 b5 7. e5 Nh6 8. e6 f6 9.
Bd3 f5 10. Ne2 Nc6 11. c3 O-O 12. Nf4 Rf6 13. Be2 Bb7 14. Bf3 Na5 15. Bxb7 Nxb7
16. Qf3 Rb8 17. b4 Qe8 18. Nd5 c6 19. Nf4 d5 20. Qd3 Nd6 21. f3 Nc4 22. a4 Qc8
23. axb5 axb5 24. O-O Nb6 25. Ra5 Qc7 26. Nfh3 1-0

[Event "European Blitz 2016"]
[Site "Tallinn EST"]
[Date "2016.12.17"]
[Round "5.19"]
[White "Kobalia, Mikhail"]
[Black "Tomazini, Zan"]
[Result "1-0"]
[WhiteTitle "GM"]
[BlackTitle "IM"]
[WhiteElo "2628"]
[BlackElo "2414"]
[WhiteFideId "4119150"]
[BlackFideId "14608162"]
[EventDate "2016.12.17"]

1. e4 e5 2. Nf3 Nc6 3. Bb5 Nge7 4. Nc3 g6 5. d4 exd4 6. Nd5 Bg7 7. Bg5 h6 8. Bf6
Kf8 9. Bxg7+ Kxg7 10. O-O d6 11. Bxc6 Nxc6 12. Nxd4 f6 13. Nb5 Bd7 14. Ndxc7 Rc8
15. Nd5 Be6 16. Ne3 Qb6 17. c4 Ne5 18. b3 Nf7 19. Qd4 Rc5 20. Rfd1 Rd8 21. Nc3
Re5 22. Qxb6 axb6 23. Rd3 f5 24. exf5 gxf5 25. f4 Ra5 26. a4 h5 27. Ned5 Bxd5
28. Nxd5 Re8 29. Rad1 Re2 30. R3d2 Re4 31. Kf2 Nh6 32. h3 Ra8 33. Re2 Rae8 34.
Rxe4 fxe4 35. Ne3 Re6 36. Rd5 h4 37. Rb5 Rf6 38. f5 Nf7 39. Rxb6 Ne5 40. Rxb7+
Kh6 41. a5 Kg5 42. a6 Nd3+ 43. Ke2 d5 44. Rg7+ Kf4 45. Nxd5+ 1-0

[Event "European Blitz 2016"]
[Site "Tallinn EST"]
[Date "2016.12.17"]
[Round "5.20"]
[White "Fargere, Francois"]
[Black "Pavlidis, Antonios"]
[Result "0-1"]
[WhiteTitle "GM"]
[BlackTitle "GM"]
[WhiteElo "2404"]
[BlackElo "2532"]
[WhiteFideId "615935"]
[BlackFideId "4212312"]
[EventDate "2016.12.17"]

1. Nf3 Nf6 2. g3 g6 3. Bg2 Bg7 4. O-O O-O 5. c4 d6 6. Nc3 e5 7. d3 h6 8. Rb1 a5
9. a3 Re8 10. b4 axb4 11. axb4 e4 12. Nxe4 Nxe4 13. dxe4 Rxe4 14. Nd2 Re8 15.
Bb2 Nc6 16. Bxg7 Kxg7 17. b5 Ne5 18. Ra1 Rxa1 19. Qxa1 Kh7 20. Qd4 Qf6 21. e3
Nd7 22. Qxf6 Nxf6 23. Ra1 b6 24. Ra7 Re7 25. h3 h5 26. Kf1 Bf5 27. e4 Be6 28.
Ke2 Kg7 29. Kd3 Nd7 30. Kd4 Nc5 31. f4 f5 32. Bf3 fxe4 33. Nxe4 Nxe4 34. Bxe4
Bxh3 35. Bd5 Kf6 36. Ra8 Be6 37. Rf8+ Kg7 38. Rd8 Kf7 39. Rb8 Kf6 40. Rf8+ Rf7
41. Re8 Bxd5 42. Kxd5 Kf5 43. Kc6 Kg4 44. Re3 h4 45. gxh4 Kxh4 46. Re6 Kh5 47.
Kb7 Rxf4 48. Kxc7 Rxc4+ 49. Kxb6 d5 50. Re5+ Kh4 51. Rxd5 g5 52. Ka7 g4 53. b6
Ra4+ 54. Kb8 g3 55. Rd1 g2 56. b7 Kg3 57. Rg1 Kf2 0-1

[Event "European Blitz 2016"]
[Site "Tallinn EST"]
[Date "2016.12.17"]
[Round "5.21"]
[White "Dzhumagaliev, Yan"]
[Black "Timerkhanov, Alexander"]
[Result "1-0"]
[WhiteTitle "FM"]
[BlackTitle "FM"]
[WhiteElo "2400"]
[BlackElo "2360"]
[WhiteFideId "24100110"]
[BlackFideId "24177938"]
[EventDate "2016.12.17"]

1. d4 d5 2. Nf3 Nf6 3. c4 c6 4. e3 Bf5 5. Nc3 e6 6. Nh4 Bg6 7. Nxg6 hxg6 8. Be2
Bd6 9. g3 Nbd7 10. Qb3 Rb8 11. cxd5 exd5 12. Bd2 Qe7 13. Bf3 g5 14. O-O-O b5 15.
Kb1 a5 16. Rc1 Nb6 17. e4 dxe4 18. Rhe1 O-O 19. Bxg5 Nc4 20. Qd1 Qe6 21. Nxe4
Nxe4 22. Bxe4 f5 23. Bxc6 Qg6 24. Bd5+ Kh7 25. f4 Rfe8 26. Qd3 Rbc8 27. Ka1 Rf8
28. Re6 Qh5 29. Bxc4 bxc4 30. Qe3 Bb4 31. a3 c3 32. axb4 cxb2+ 33. Kxb2 Qxh2+
34. Qe2 Qh3 35. Rxc8 Rxc8 36. b5 Qh1 37. Rc6 Rd8 38. Qd3 Qd5 39. Rc3 Rb8 40. Rc5
Qg2+ 41. Ka3 g6 42. Rc7+ Kh8 43. Bf6+ Kg8 44. Qc4+ 1-0

[Event "European Blitz 2016"]
[Site "Tallinn EST"]
[Date "2016.12.17"]
[Round "5.22"]
[White "Sharankov, Grigory"]
[Black "Zakhartsov, Vladimir"]
[Result "0-1"]
[BlackTitle "IM"]
[WhiteElo "2176"]
[BlackElo "2453"]
[WhiteFideId "4168356"]
[BlackFideId "4145097"]
[EventDate "2016.12.17"]

1. d4 Nf6 2. c4 Nc6 3. Nf3 d6 4. Nc3 e5 5. dxe5 Nxe5 6. Nxe5 dxe5 7. Qxd8+ Kxd8
8. Bg5 c6 9. O-O-O+ Kc7 10. f3 Be6 11. e4 Nd7 12. Be2 f6 13. Bh4 a5 14. Bg3 a4
15. f4 exf4 16. Bxf4+ Ne5 17. g4 Kb6 18. b3 axb3 19. axb3 Bb4 20. Na4+ Kc7 21.
g5 b5 22. gxf6 gxf6 23. Nb2 Ra2 24. Kb1 Rha8 25. Rhg1 R2a3 26. Rg7+ Kb6 27. cxb5
Bxb3 28. Be3+ Bc5 29. Bxc5+ Kxc5 30. Rc1+ Kd4 31. bxc6 Ra1# 0-1

[Event "European Blitz 2016"]
[Site "Tallinn EST"]
[Date "2016.12.17"]
[Round "5.23"]
[White "Maevsky, Nikolay"]
[Black "Turov, Maxim"]
[Result "1/2-1/2"]
[WhiteTitle "FM"]
[BlackTitle "GM"]
[WhiteElo "2337"]
[BlackElo "2594"]
[WhiteFideId "4198220"]
[BlackFideId "4120086"]
[EventDate "2016.12.17"]

1. Nf3 Nf6 2. c4 e6 3. Nc3 Bb4 4. Qc2 O-O 5. a3 Bxc3 6. Qxc3 b6 7. b4 Bb7 8. Bb2
d6 9. e3 Nbd7 10. Be2 e5 11. O-O a5 12. d4 e4 13. Nd2 axb4 14. axb4 Qe7 15. d5
b5 16. Rxa8 Rxa8 17. cxb5 Nb6 18. Ra1 Rxa1+ 19. Bxa1 Bxd5 20. Qc2 Ne8 21. Nb3
Qd8 22. Na5 Nd7 23. Bb2 Ne5 24. Bxe5 dxe5 25. Qd2 Qd6 26. h3 Be6 27. Qc3 f5 28.
Nc6 Bd7 29. Nxe5 Be6 30. Nc6 Nf6 31. Nd4 Bd7 32. Bc4+ Kf8 33. Qb3 Ke7 34. Qc3 g6
35. Bf1 Nd5 36. Qc5 Nxb4 37. Qa7 Nd5 38. Qa8 Be8 39. Qb8 Nb6 40. Qb7 Bf7 41.
Nc6+ Kf6 42. Qb8 Kg7 43. Qa7 Nd5 44. Qd4+ Qf6 45. Qc5 Qa1 46. Nd4 Nf6 47. Qxc7
Qa2 48. b6 Nd5 49. Qc5 Qb2 50. Qd6 Qxb6 51. Qe5+ Qf6 52. Qxf6+ Kxf6 53. g3 Ke5
54. h4 Nb4 55. Be2 h6 56. Kf1 g5 57. hxg5 hxg5 58. Nb5 Bb3 59. Nc3 Bc2 60. Nb5
Bd3 61. Nc3 f4 62. gxf4+ gxf4 63. exf4+ Kxf4 64. Ke1 Bc2 65. Kd2 Bb3 66. Bd1 Be6
67. Ne2+ Ke5 68. Bc2 Nd5 69. Ng3 Nf6 70. Nxe4 1/2-1/2

[Event "European Blitz 2016"]
[Site "Tallinn EST"]
[Date "2016.12.17"]
[Round "5.24"]
[White "Jankovic, Alojzije"]
[Black "Lavendelis, Egons"]
[Result "1-0"]
[WhiteTitle "GM"]
[BlackTitle "FM"]
[WhiteElo "2591"]
[BlackElo "2271"]
[WhiteFideId "14505959"]
[BlackFideId "11601647"]
[EventDate "2016.12.17"]

1. d4 Nf6 2. Nf3 g6 3. c4 Bg7 4. Nc3 d5 5. cxd5 Nxd5 6. g3 O-O 7. Bg2 c5 8. O-O
Nc6 9. Nxd5 Qxd5 10. Be3 c4 11. Ne5 Qb5 12. Nxc6 bxc6 13. Rc1 Be6 14. b3 Rac8
15. bxc4 Bxc4 16. Rc2 Qa6 17. Qd2 Rfd8 18. Rfc1 Bb5 19. Qb4 e6 20. Bf3 Bf8 21.
Qd2 Ba3 22. Rb1 c5 23. Bg5 Rxd4 1-0

[Event "European Blitz 2016"]
[Site "Tallinn EST"]
[Date "2016.12.17"]
[Round "5.25"]
[White "Grandelius, Nils"]
[Black "Cramling, Pia"]
[Result "1-0"]
[WhiteTitle "GM"]
[BlackTitle "GM"]
[WhiteElo "2643"]
[BlackElo "2453"]
[WhiteFideId "1710400"]
[BlackFideId "1700030"]
[EventDate "2016.12.17"]

1. d4 Nf6 2. Nc3 d5 3. Bf4 c5 4. e4 dxe4 5. dxc5 Qa5 6. Bb5+ Bd7 7. Qe2 a6 8.
Bc4 Nc6 9. O-O-O Qxc5 10. Nxe4 Nxe4 11. Qxe4 Bf5 12. Qd5 Qxd5 13. Bxd5 Rc8 14.
Nf3 Nb4 15. c3 Nd3+ 16. Rxd3 Bxd3 17. Ne5 Bg6 18. Bxb7 Rc5 19. Rd1 e6 20. Bc6+
Ke7 21. Nxg6+ hxg6 22. Bd6+ Kf6 23. Bxc5 Bxc5 24. h3 Rh5 25. Bf3 Re5 26. Rd2
Re1+ 27. Kc2 Rf1 28. Be2 Rg1 29. Bxa6 Rxg2 30. f3 Rg3 31. b4 Be3 32. Re2 Rxf3
33. Bb7 Rxh3 34. a4 g5 35. a5 g4 36. b5 Kg5 37. b6 f5 38. Bc6 f4 39. Rxe3 fxe3
40. b7 e2 41. Kd2 1-0

[Event "European Blitz 2016"]
[Site "Tallinn EST"]
[Date "2016.12.17"]
[Round "5.26"]
[White "Berzinsh, Roland"]
[Black "Grigoriants, Sergey"]
[Result "1/2-1/2"]
[WhiteTitle "IM"]
[BlackTitle "GM"]
[WhiteElo "2408"]
[BlackElo "2563"]
[WhiteFideId "11600357"]
[BlackFideId "4130804"]
[EventDate "2016.12.17"]

1. d4 Nf6 2. Bf4 g6 3. Nf3 Bg7 4. e3 d6 5. Be2 c5 6. c3 cxd4 7. exd4 O-O 8. O-O
Be6 9. Nbd2 Qb6 10. Qc1 Nc6 11. Nc4 Qd8 12. Bh6 Rc8 13. Bxg7 Kxg7 14. Ne3 a6 15.
Qd2 Bd7 16. Rfe1 Re8 17. Rad1 b5 18. h3 Qb6 19. d5 Na5 20. Nd4 Rc7 21. Bf3 Nb7
22. Ng4 Bxg4 23. hxg4 Nd8 24. Qg5 Kf8 25. Qh6+ Kg8 26. g5 Nd7 27. Re4 Nf8 28. a3
e5 29. dxe6 Ndxe6 30. Rde1 Rce7 31. Bg4 d5 32. Re5 Qd6 33. Nxe6 Nxe6 34. Bxe6
Rxe6 35. Rxe6 Rxe6 36. Rd1 Re2 37. b4 Qf4 38. Rf1 Re5 39. Qh3 Rxg5 40. Qc8+ Kg7
41. Qxa6 Qf3 42. g3 Rh5 1/2-1/2

[Event "European Blitz 2016"]
[Site "Tallinn EST"]
[Date "2016.12.17"]
[Round "5.27"]
[White "Chigaev, Maksim"]
[Black "Buchicchio, Giampaolo"]
[Result "1-0"]
[WhiteTitle "GM"]
[BlackTitle "FM"]
[WhiteElo "2531"]
[BlackElo "2262"]
[WhiteFideId "4108116"]
[BlackFideId "811491"]
[EventDate "2016.12.17"]

1. e4 c5 2. Nf3 Nc6 3. Bb5 Nd4 4. Nxd4 cxd4 5. O-O g6 6. c3 Bg7 7. cxd4 Nh6 8.
d3 O-O 9. Nc3 f5 10. Bg5 Kh8 11. Qd2 Ng8 12. e5 Qb6 13. Bc4 Qxd4 14. Rfe1 a6 15.
Bxg8 Kxg8 16. Bxe7 Re8 17. Bd6 b5 18. Ne2 Qg4 19. f3 Qh4 20. d4 Bb7 21. Qf4 Qxf4
22. Nxf4 Bh6 23. Nd3 1-0

[Event "European Blitz 2016"]
[Site "Tallinn EST"]
[Date "2016.12.17"]
[Round "5.28"]
[White "Hartikainen, Markku"]
[Black "Jovanovic, Zoran"]
[Result "0-1"]
[WhiteTitle "FM"]
[BlackTitle "GM"]
[WhiteElo "2300"]
[BlackElo "2534"]
[WhiteFideId "501417"]
[BlackFideId "14505320"]
[EventDate "2016.12.17"]

1. e4 d6 2. d4 Nf6 3. Nc3 e5 4. Nf3 Nbd7 5. Bc4 Be7 6. O-O Nb6 7. Bb3 exd4 8.
Nxd4 c5 9. Nf3 c4 10. Ba4+ Nxa4 11. Nxa4 Nxe4 12. Qd4 d5 13. Qxg7 Bf6 14. Qh6
Rg8 15. Re1 Be6 16. Bf4 Rg6 17. Qxh7 Qa5 18. Ne5 Bxe5 19. Bxe5 O-O-O 20. Nc3 Ng5
21. Qh5 d4 22. f4 Nh3+ 23. Kf1 Nxf4 24. Qh4 Nxg2 25. Qe7 Nxe1 26. Nb5 Bh3+ 27.
Ke2 Rg2+ 28. Kf1 Rxh2+ 29. Kg1 Nf3# 0-1

[Event "European Blitz 2016"]
[Site "Tallinn EST"]
[Date "2016.12.17"]
[Round "5.29"]
[White "Kulaots, Kaido"]
[Black "Radkov, Bazhen D."]
[Result "1-0"]
[WhiteTitle "GM"]
[WhiteElo "2556"]
[BlackElo "2233"]
[WhiteFideId "4500261"]
[BlackFideId "24170593"]
[EventDate "2016.12.17"]

1. e4 e5 2. Nf3 Nc6 3. Bb5 a6 4. Ba4 Nf6 5. O-O Be7 6. d3 d6 7. c3 O-O 8. Re1 b5
9. Bc2 Re8 10. Nbd2 Bf8 11. Nf1 h6 12. a4 Be6 13. Ng3 d5 14. d4 dxe4 15. Nxe4
exd4 16. axb5 axb5 17. Rxa8 Qxa8 18. Nxf6+ gxf6 19. cxd4 Nb4 20. Bb1 Qa1 21.
Bxh6 Qxb2 22. Bd2 Nd5 23. Nh4 Bg7 24. Nf5 Qa3 1-0

[Event "European Blitz 2016"]
[Site "Tallinn EST"]
[Date "2016.12.17"]
[Round "5.30"]
[White "Shishkov, Andrei"]
[Black "Ruck, Robert"]
[Result "0-1"]
[WhiteTitle "FM"]
[BlackTitle "GM"]
[WhiteElo "2385"]
[BlackElo "2561"]
[WhiteFideId "4500563"]
[BlackFideId "705713"]
[EventDate "2016.12.17"]

1. d4 Nf6 2. c4 e6 3. Nc3 Bb4 4. Qc2 O-O 5. Nf3 c5 6. dxc5 Na6 7. g3 Nxc5 8. Bg2
Nce4 9. O-O Nxc3 10. bxc3 Bc5 11. e4 d6 12. e5 dxe5 13. Nxe5 Qc7 14. Re1 Bd6 15.
Qe2 Bxe5 16. Qxe5 Qxc4 17. Bh6 Qg4 18. Rad1 Nd5 19. Bxd5 exd5 20. Rd4 Qg6 21.
Be3 Be6 22. h4 h6 23. h5 Qc2 24. Rf4 Rfe8 25. Bd4 Qh7 26. g4 Bd7 0-1